Echelle de mots : de canne à pêche - Statistiques

Statistiques générales
  • Ce quiz a été pris 504 fois
  • Le résultat moyen est 14 sur 26
Statistiques - réponses
Indices
Réponses
% Correct
Elle aide à marcher Canne
100%
Poche des yeux Cerne
87%
Fruit juteux Pêche
86%
Viande de mauvaise qualité Carne
78%
Génitrice Mère
76%
Champignon brun Cèpe
73%
Repas emblématique (-1 lettre) Cène
71%
Plus mauvais Pire
69%
Créateur Père
67%
Dur Rêche
60%
Aisé Riche
60%
Accessoire du chevalier Cape
57%
Utiliser ses zygomatiques Rire
56%
Nappe d'eau Mare
53%
Religieux Pape
53%
Ville du sud Nice
44%
Organe Rate
41%
Met peu coûteux Pâte
40%
Cérémonie Rite
35%
Elles produisent le même son Rime
32%
Pratique les sciences occultes Mage
31%
Maladie Rage
30%
Anagramme de son habitant (+1 lettre) Niche
29%
D'argent, de rubis, de granite ou encore d'eau Noce
25%
Sans clé on ne peut la lire Note
24%
Il est disgracieux / instrument de musique médiéval Rote
18%
Aucun quiz correspondant
Distribution des résultats
% des personnes avec chaque résultat
Percentile par nombre de réponses
Votre historique - résultats
Vous n’avez pas pris ce quiz